[Event "Turniej Blitza na II Lidze Juniorów 2018"]
[Site "Szczyrk, Poland"]
[Date "????.??.??"]
[Round "8.28"]
[White "Paprocki, Antoni"]
[Black "Krawczyk, Flawian"]
[Result "1-0"]
[TimeControl "3'+2\""]
[WhiteElo "1570"]
[BlackElo "1372"]

1. e4 {[%clk 00:03:04]} {[%emt 00:01:14]} c5 {[%clk 00:03:03]} 2. Nf3 {[%clk
00:03:05]} {[%emt 00:00:01]} Nc6 3. d4 {[%emt 00:00:01]} cxd4 {[%clk 00:03:05]}
{[%emt 00:00:01]} 4. Nxd4 {[%clk 00:03:08]} g6 {[%clk 00:03:06]} 5. Nc3 {[%clk
00:03:08]} {[%emt 00:00:02]} Bg7 {[%clk 00:03:02]} {[%emt 00:00:06]} 6. Be3
{[%clk 00:03:10]} Nf6 {[%clk 00:03:01]} {[%emt 00:00:03]} 7. Bc4 {[%clk
00:03:11]} d6 {[%clk 00:03:00]} {[%emt 00:00:04]} 8. f3 {[%clk 00:03:12]} Bd7
{[%clk 00:03:00]} {[%emt 00:00:02]} 9. Qd2 {[%clk 00:03:14]} O-O {[%clk
00:02:58]} {[%emt 00:00:03]} 10. O-O-O {[%clk 00:03:13]} {[%emt 00:00:03]} Rc8
{[%clk 00:02:59]} {[%emt 00:00:01]} 11. Bb3 {[%clk 00:03:15]} Ne5 {[%clk
00:03:00]} {[%emt 00:00:02]} 12. g4 {[%clk 00:03:12]} {[%emt 00:00:05]} Nc4
{[%clk 00:02:56]} {[%emt 00:00:06]} 13. Bxc4 {[%clk 00:03:13]} {[%emt
00:00:01]} Rxc4 {[%emt 00:00:04]} 14. Kb1 b5 {[%clk 00:02:48]} {[%emt
00:00:09]} 15. h4 {[%clk 00:02:58]} {[%emt 00:00:17]} h5 {[%clk 00:02:37]}
{[%emt 00:00:14]} 16. gxh5 {[%clk 00:02:58]} {[%emt 00:00:02]} Nxh5 {[%emt
00:00:03]} 17. Rhg1 {[%clk 00:02:56]} {[%emt 00:00:03]} b4 {[%clk 00:02:35]}
{[%emt 00:00:04]} 18. Nce2 {[%clk 00:02:55]} {[%emt 00:00:03]} Qa5 {[%clk
00:02:15]} {[%emt 00:00:22]} 19. Bh6 {[%clk 00:02:38]} {[%emt 00:00:19]} e5
{[%clk 00:01:44]} {[%emt 00:00:32]} 20. Nb3 {[%clk 00:02:38]} {[%emt 00:00:02]}
Qc7 {[%clk 00:01:45]} 21. Bxg7 {[%clk 00:02:21]} {[%emt 00:00:20]} Kxg7 {[%clk
00:01:42]} {[%emt 00:00:05]} 22. Qxd6 {[%clk 00:01:58]} {[%emt 00:00:25]} Rxc2
{[%clk 00:01:29]} {[%emt 00:00:14]} 23. Qxc7 {[%clk 00:01:59]} {[%emt
00:00:02]} Rxc7 {[%clk 00:01:30]} {[%emt 00:00:01]} 24. Rd5 {[%clk 00:01:54]}
{[%emt 00:00:06]} Kf6 {[%clk 00:01:16]} {[%emt 00:00:16]} 25. Rg5 {[%clk
00:01:40]} {[%emt 00:00:17]} Re8 {[%clk 00:01:10]} {[%emt 00:00:07]} 26. Nc5
{[%clk 00:01:26]} {[%emt 00:00:16]} Bc6 {[%clk 00:01:00]} {[%emt 00:00:12]} 27.
Rd6+ {[%clk 00:01:20]} {[%emt 00:00:09]} Kg7 {[%clk 00:00:58]} {[%emt
00:00:03]} 28. Na6 {[%clk 00:01:05]} {[%emt 00:00:18]} Rcc8 {[%clk 00:00:58]}
{[%emt 00:00:02]} 29. Nxb4 {[%clk 00:01:06]} Bb5 {[%clk 00:00:58]} {[%emt
00:00:01]} 30. Nc3 {[%clk 00:01:05]} {[%emt 00:00:03]} Bc4 {[%clk 00:00:53]}
{[%emt 00:00:07]} 31. Nbd5 {[%clk 00:01:04]} {[%emt 00:00:04]} Rb8 {[%clk
00:00:41]} {[%emt 00:00:13]} 32. b3 {[%clk 00:00:55]} {[%emt 00:00:11]} Bd3+
{[%clk 00:00:40]} {[%emt 00:00:03]} 33. Kb2 {[%clk 00:00:54]} {[%emt 00:00:03]}
Bf1 {[%clk 00:00:39]} {[%emt 00:00:02]} 34. Rd7 {[%clk 00:00:54]} {[%emt
00:00:03]} Bh3 {[%clk 00:00:38]} {[%emt 00:00:03]} 35. Rxa7 {[%clk 00:00:54]}
{[%emt 00:00:02]} Be6 {[%clk 00:00:34]} {[%emt 00:00:05]} 36. Nc7 {[%clk
00:00:53]} {[%emt 00:00:03]} Re7 {[%clk 00:00:32]} {[%emt 00:00:04]} 37. Nxe6+
{[%clk 00:00:50]} {[%emt 00:00:06]} Rxe6 {[%clk 00:00:32]} {[%emt 00:00:02]} 38.
Nd5 {[%emt 00:00:07]} Rc8 {[%clk 00:00:22]} {[%emt 00:00:09]} 39. Rc7 {[%clk
00:00:45]} {[%emt 00:00:05]} Rd8 {[%clk 00:00:22]} {[%emt 00:00:02]} 40. a4
{[%clk 00:00:39]} {[%emt 00:00:08]} Kg8 {[%clk 00:00:24]} {[%emt 00:00:01]} 41.
b4 {[%clk 00:00:39]} {[%emt 00:00:02]} Rb8 {[%clk 00:00:20]} {[%emt 00:00:06]}
42. Kb3 {[%clk 00:00:39]} {[%emt 00:00:02]} Ng7 {[%clk 00:00:18]} {[%emt
00:00:03]} 43. b5 {[%clk 00:00:38]} {[%emt 00:00:03]} Ne8 {[%clk 00:00:17]}
{[%emt 00:00:03]} 44. Re7 {[%clk 00:00:35]} {[%emt 00:00:06]} Rd6 {[%clk
00:00:17]} 45. Kb4 {[%clk 00:00:33]} {[%emt 00:00:05]} Kg7 {[%clk 00:00:09]}
{[%emt 00:00:09]} 46. h5 {[%clk 00:00:29]} {[%emt 00:00:07]} Kh6 {[%clk
00:00:10]} 47. Rg2 {[%clk 00:00:25]} {[%emt 00:00:05]} gxh5 {[%clk 00:00:11]}
{[%emt 00:00:02]} 48. Rxf7 {[%emt 00:00:02]} Rdb6 {[%clk 00:00:06]} {[%emt
00:00:07]} 49. Nxb6 {[%clk 00:00:26]} {[%emt 00:00:01]} Rxb6 {[%emt 00:00:02]}
50. Rf8 {[%clk 00:00:25]} {[%emt 00:00:01]} 1-0

[Event "Turniej Blitza na II Lidze Juniorów 2018"]
[Site "Szczyrk, Poland"]
[Date "????.??.??"]
[Round "8.30"]
[White "Kupiecki, Szymon"]
[Black "Binek, Dawid"]
[Result "0-1"]
[TimeControl "3'+2\""]
[WhiteElo "1519"]
[BlackElo "1353"]

1. e4 {[%clk 00:03:02]} {[%emt 00:00:01]} e5 {[%clk 00:03:04]} {[%emt
00:00:01]} 2. Nf3 {[%clk 00:03:04]} {[%emt 00:00:01]} Nc6 {[%clk 00:03:05]} 3.
Bb5 {[%clk 00:03:05]} {[%emt 00:00:01]} Bc5 {[%clk 00:03:04]} {[%emt 00:00:03]}
4. c3 {[%clk 00:03:05]} {[%emt 00:00:01]} d6 {[%clk 00:03:01]} {[%emt
00:00:06]} 5. d4 {[%clk 00:03:06]} {[%emt 00:00:01]} exd4 {[%clk 00:03:01]} 6.
cxd4 {[%clk 00:03:07]} {[%emt 00:00:01]} Bb4+ {[%clk 00:03:02]} {[%emt
00:00:01]} 7. Nc3 {[%clk 00:03:06]} {[%emt 00:00:03]} Bxc3+ {[%clk 00:02:55]}
{[%emt 00:00:10]} 8. bxc3 {[%clk 00:03:07]} {[%emt 00:00:01]} a6 {[%clk
00:02:55]} {[%emt 00:00:01]} 9. Ba4 {[%clk 00:03:08]} b5 {[%clk 00:02:55]}
{[%emt 00:00:03]} 10. Bb3 {[%clk 00:03:07]} {[%emt 00:00:03]} Na5 {[%clk
00:02:34]} {[%emt 00:00:23]} 11. O-O {[%clk 00:02:38]} {[%emt 00:00:31]} Bg4
{[%clk 00:02:23]} {[%emt 00:00:13]} 12. h3 {[%clk 00:02:38]} {[%emt 00:00:01]}
Bxf3 {[%clk 00:02:24]} {[%emt 00:00:01]} 13. Qxf3 {[%clk 00:02:39]} {[%emt
00:00:02]} Nxb3 {[%clk 00:02:21]} {[%emt 00:00:05]} 14. axb3 {[%clk 00:02:40]}
{[%emt 00:00:01]} Qf6 {[%clk 00:02:17]} {[%emt 00:00:05]} 15. Qg4 {[%clk
00:02:37]} {[%emt 00:00:06]} Ne7 {[%clk 00:02:10]} {[%emt 00:00:09]} 16. Re1
{[%clk 00:02:09]} {[%emt 00:00:30]} Qg6 {[%clk 00:01:53]} {[%emt 00:00:19]} 17.
Qf3 {[%clk 00:02:07]} {[%emt 00:00:04]} O-O {[%clk 00:01:39]} {[%emt 00:00:15]}
18. e5 {[%clk 00:02:08]} {[%emt 00:00:01]} Ra7 {[%clk 00:01:08]} {[%emt
00:00:34]} 19. exd6 {[%clk 00:01:55]} {[%emt 00:00:16]} Qxd6 {[%clk 00:01:05]}
{[%emt 00:00:04]} 20. Bf4 {[%clk 00:01:54]} {[%emt 00:00:02]} Qd7 {[%clk
00:01:02]} {[%emt 00:00:06]} 21. Bg5 {[%clk 00:01:19]} {[%emt 00:00:37]} Ng6
{[%clk 00:00:47]} {[%emt 00:00:17]} 22. h4 {[%clk 00:01:19]} {[%emt 00:00:02]}
h6 {[%clk 00:00:48]} {[%emt 00:00:02]} 23. Bd2 {[%clk 00:01:11]} {[%emt
00:00:09]} Nxh4 {[%clk 00:00:48]} {[%emt 00:00:02]} 24. Qg3 {[%clk 00:00:47]}
{[%emt 00:00:26]} Ng6 {[%clk 00:00:49]} {[%emt 00:00:01]} 25. Re2 {[%clk
00:00:44]} {[%emt 00:00:06]} Rc8 {[%clk 00:00:25]} {[%emt 00:00:25]} 26. Rae1
{[%clk 00:00:42]} {[%emt 00:00:04]} c5 {[%clk 00:00:20]} {[%emt 00:00:07]} 27.
dxc5 {[%clk 00:00:33]} {[%emt 00:00:11]} Rxc5 {[%clk 00:00:09]} {[%emt
00:00:12]} 28. Re8+ {[%clk 00:00:06]} {[%emt 00:00:30]} Kh7 {[%clk 00:00:10]}
29. Qf3 {[%clk 00:00:04]} {[%emt 00:00:05]} Qxd2 {[%clk 00:00:07]} {[%emt
00:00:05]} 30. Qe3 {[%clk 00:00:03]} {[%emt 00:00:03]} Qxe3 {[%clk 00:00:08]}
{[%emt 00:00:01]} 31. R1xe3 {[%clk 00:00:04]} {[%emt 00:00:01]} Rac7 {[%clk
00:00:07]} {[%emt 00:00:02]} 32. b4 {[%clk 00:00:05]} {[%emt 00:00:02]} Rxc3
{[%clk 00:00:08]} 33. Re2 {[%clk 00:00:04]} {[%emt 00:00:03]} Rc1+ {[%clk
00:00:09]} 34. Kh2 {[%clk 00:00:06]} R7c4 {[%clk 00:00:09]} {[%emt 00:00:02]}
35. Ra8 {[%clk 00:00:06]} {[%emt 00:00:01]} Rxb4 {[%clk 00:00:10]} {[%emt
00:00:01]} 36. Rxa6 {[%clk 00:00:07]} Rcc4 {[%clk 00:00:11]} {[%emt 00:00:02]}
37. Rb6 {[%clk 00:00:06]} {[%emt 00:00:03]} Rb1 {[%clk 00:00:11]} {[%emt
00:00:01]} 38. g3 {[%clk 00:00:08]} {[%emt 00:00:01]} b4 {[%clk 00:00:12]} 39.
Re8 {[%clk 00:00:05]} {[%emt 00:00:05]} b3 {[%clk 00:00:13]} 40. Reb8 {[%clk
00:00:06]} Rc3 {[%clk 00:00:13]} {[%emt 00:00:01]} 41. R8b7 {[%clk 00:00:06]}
{[%emt 00:00:02]} Ne5 {[%clk 00:00:13]} {[%emt 00:00:02]} 42. f4 {[%clk
00:00:05]} {[%emt 00:00:04]} Nc4 {[%clk 00:00:13]} {[%emt 00:00:02]} 43. Rb4
{[%clk 00:00:04]} {[%emt 00:00:03]} b2 {[%clk 00:00:12]} {[%emt 00:00:03]} 44.
Rxf7 {[%clk 00:00:03]} {[%emt 00:00:03]} Rc2+ {[%clk 00:00:10]} {[%emt
00:00:04]} 45. Kh3 {[%clk 00:00:03]} {[%emt 00:00:01]} h5 {[%clk 00:00:10]}
{[%emt 00:00:03]} 46. Rbb7 {[%clk 00:00:04]} {[%emt 00:00:01]} Rh1# {[%clk
00:00:10]} {[%emt 00:00:02]} 0-1

[Event "Turniej Blitza na II Lidze Juniorów 2018"]
[Site "Szczyrk, Poland"]
[Date "????.??.??"]
[Round "8.39"]
[White "Bienko, Jagoda"]
[Black "Wolaniecki, Patryk"]
[Result "0-1"]
[TimeControl "3'+2\""]
[WhiteElo "1326"]
[BlackElo "1512"]

1. d4 {[%clk 00:03:02]} {[%emt 00:01:11]} Nf6 {[%clk 00:03:02]} {[%emt
00:00:01]} 2. c4 {[%clk 00:03:02]} e6 {[%clk 00:03:02]} {[%emt 00:00:01]} 3.
Nc3 {[%clk 00:03:02]} {[%emt 00:00:01]} c5 {[%clk 00:03:02]} {[%emt 00:00:01]}
4. d5 {[%clk 00:03:02]} {[%emt 00:00:01]} exd5 5. cxd5 {[%clk 00:03:02]} d6
{[%clk 00:03:02]} 6. Bg5 {[%clk 00:03:02]} {[%emt 00:00:02]} Nbd7 {[%clk
00:03:02]} {[%emt 00:00:02]} 7. e4 {[%clk 00:03:02]} {[%emt 00:00:02]} g6
{[%clk 00:03:02]} {[%emt 00:00:05]} 8. Nf3 {[%clk 00:03:02]} {[%emt 00:00:02]}
Bg7 {[%clk 00:03:02]} 9. Bd3 {[%clk 00:03:02]} {[%emt 00:00:01]} O-O {[%clk
00:03:02]} {[%emt 00:00:03]} 10. O-O {[%clk 00:03:02]} {[%emt 00:00:01]} Re8
{[%clk 00:03:02]} {[%emt 00:00:10]} 11. Qc2 {[%clk 00:02:37]} {[%emt 00:00:37]}
a6 {[%clk 00:03:01]} {[%emt 00:00:03]} 12. a4 {[%clk 00:02:38]} Qc7 {[%clk
00:02:54]} {[%emt 00:00:09]} 13. Rfe1 {[%clk 00:02:35]} {[%emt 00:00:05]} Ne5
{[%clk 00:02:55]} {[%emt 00:00:01]} 14. Nxe5 {[%clk 00:02:31]} {[%emt
00:00:05]} Rxe5 {[%clk 00:02:57]} {[%emt 00:00:02]} 15. f4 {[%clk 00:02:27]}
{[%emt 00:00:03]} Re8 {[%clk 00:02:58]} {[%emt 00:00:03]} 16. Re2 {[%clk
00:02:09]} {[%emt 00:00:20]} Nd7 {[%clk 00:02:40]} {[%emt 00:00:20]} 17. Rf1
{[%clk 00:02:09]} {[%emt 00:00:02]} Bd4+ {[%clk 00:02:41]} {[%emt 00:00:02]} 18.
Kh1 {[%clk 00:02:06]} {[%emt 00:00:05]} f6 {[%clk 00:02:42]} {[%emt 00:00:01]}
19. Bh4 {[%clk 00:02:04]} {[%emt 00:00:02]} c4 {[%clk 00:02:29]} {[%emt
00:00:16]} 20. Nd1 {[%clk 00:01:39]} {[%emt 00:00:26]} b5 {[%clk 00:02:30]}
{[%emt 00:00:03]} 21. axb5 {[%clk 00:01:35]} {[%emt 00:00:06]} axb5 {[%emt
00:00:02]} 22. Qc1 {[%clk 00:01:29]} {[%emt 00:00:07]} Nc5 {[%clk 00:02:22]}
{[%emt 00:00:10]} 23. Bc2 {[%clk 00:01:27]} {[%emt 00:00:04]} Bb7 {[%clk
00:02:00]} {[%emt 00:00:24]} 24. Rd2 {[%clk 00:01:24]} {[%emt 00:00:04]} Nxe4
{[%clk 00:01:38]} {[%emt 00:00:25]} 25. Rxd4 {[%clk 00:01:20]} {[%emt
00:00:06]} f5 {[%clk 00:01:40]} 26. Bxe4 {[%clk 00:01:19]} {[%emt 00:00:03]}
fxe4 {[%clk 00:01:40]} {[%emt 00:00:01]} 27. Qe3 {[%clk 00:01:16]} {[%emt
00:00:05]} Qf7 {[%clk 00:01:31]} {[%emt 00:00:12]} 28. Nc3 {[%clk 00:00:59]}
{[%emt 00:00:18]} Ba6 {[%clk 00:01:21]} {[%emt 00:00:13]} 29. Rxe4 {[%clk
00:00:56]} {[%emt 00:00:05]} b4 {[%clk 00:01:22]} 30. Ne2 {[%clk 00:00:41]}
{[%emt 00:00:17]} Rxe4 31. Qxe4 {[%clk 00:00:42]} Re8 {[%clk 00:01:20]} 32. Qf3
{[%clk 00:00:36]} {[%emt 00:00:08]} c3 {[%clk 00:01:22]} 33. Re1 {[%clk
00:00:28]} {[%emt 00:00:10]} cxb2 {[%clk 00:01:22]} {[%emt 00:00:02]} 34. Nd4
{[%clk 00:00:19]} {[%emt 00:00:10]} Rxe1+ {[%clk 00:01:17]} {[%emt 00:00:07]}
35. Bxe1 {[%clk 00:00:17]} {[%emt 00:00:04]} b1=Q {[%clk 00:01:16]} {[%emt
00:00:04]} 0-1

[Event "Turniej Blitza na II Lidze Juniorów 2018"]
[Site "Szczyrk, Poland"]
[Date "????.??.??"]
[Round "8.66"]
[White "Kubik, Rafal"]
[Black "Jedrzejewska, Zuzanna"]
[Result "0-1"]
[TimeControl "3'+2\""]
[WhiteElo "1077"]
[BlackElo "1194"]

1. e4 {[%clk 00:03:00]} {[%emt 00:00:04]} c5 {[%clk 00:03:03]} {[%emt
00:00:01]} 2. Nf3 {[%clk 00:03:00]} {[%emt 00:00:01]} d6 {[%clk 00:03:05]}
{[%emt 00:00:01]} 3. d4 {[%clk 00:03:01]} cxd4 {[%clk 00:03:06]} {[%emt
00:00:01]} 4. Nxd4 {[%clk 00:03:02]} Nf6 {[%clk 00:03:06]} {[%emt 00:00:02]} 5.
Nc3 {[%emt 00:00:03]} a6 6. Bd3 {[%clk 00:03:01]} {[%emt 00:00:02]} e5 {[%clk
00:03:08]} {[%emt 00:00:01]} 7. Nf3 {[%clk 00:03:02]} {[%emt 00:00:02]} Be6
{[%clk 00:03:07]} {[%emt 00:00:03]} 8. Be3 {[%clk 00:02:59]} {[%emt 00:00:04]}
Be7 {[%clk 00:03:07]} {[%emt 00:00:02]} 9. O-O {[%clk 00:02:59]} {[%emt
00:00:02]} Nbd7 {[%clk 00:03:08]} {[%emt 00:00:01]} 10. Qd2 {[%clk 00:02:55]}
{[%emt 00:00:06]} O-O {[%clk 00:03:08]} {[%emt 00:00:02]} 11. a3 {[%clk
00:02:49]} {[%emt 00:00:09]} b5 {[%clk 00:03:07]} {[%emt 00:00:03]} 12. h3
{[%clk 00:02:47]} {[%emt 00:00:04]} Nc5 {[%clk 00:03:02]} {[%emt 00:00:06]} 13.
Bxc5 {[%clk 00:02:39]} {[%emt 00:00:10]} dxc5 {[%clk 00:03:03]} 14. Rad1 {[%clk
00:02:30]} {[%emt 00:00:11]} c4 {[%clk 00:03:04]} {[%emt 00:00:01]} 15. Be2
{[%clk 00:02:30]} {[%emt 00:00:02]} Qxd2 {[%clk 00:03:03]} {[%emt 00:00:03]} 16.
Rxd2 {[%emt 00:00:05]} Rad8 {[%clk 00:03:01]} {[%emt 00:00:01]} 17. Rfd1 {[%clk
00:02:30]} {[%emt 00:00:02]} Rxd2 {[%clk 00:02:56]} {[%emt 00:00:07]} 18. Rxd2
{[%clk 00:02:30]} {[%emt 00:00:02]} Nd7 {[%clk 00:02:52]} {[%emt 00:00:06]} 19.
Kh2 {[%clk 00:02:02]} {[%emt 00:00:30]} f5 {[%clk 00:02:38]} {[%emt 00:00:16]}
20. a4 {[%clk 00:01:50]} {[%emt 00:00:13]} bxa4 {[%clk 00:02:35]} {[%emt
00:00:06]} 21. Nxa4 {[%clk 00:01:50]} {[%emt 00:00:03]} fxe4 {[%clk 00:02:35]}
22. Ne1 {[%clk 00:01:39]} {[%emt 00:00:13]} Nc5 {[%clk 00:02:29]} {[%emt
00:00:09]} 23. Nxc5 {[%clk 00:01:36]} {[%emt 00:00:05]} Bxc5 {[%clk 00:02:29]}
{[%emt 00:00:02]} 24. f3 {[%clk 00:01:35]} {[%emt 00:00:02]} exf3 {[%clk
00:02:27]} {[%emt 00:00:05]} 25. Nxf3 {[%clk 00:01:34]} {[%emt 00:00:03]} e4
{[%clk 00:02:10]} {[%emt 00:00:19]} 26. Nd4 {[%clk 00:01:29]} {[%emt 00:00:06]}
Bf7 {[%clk 00:01:42]} {[%emt 00:00:30]} 27. c3 {[%clk 00:01:20]} {[%emt
00:00:10]} Rb8 {[%clk 00:01:22]} {[%emt 00:00:22]} 28. Nf5 {[%clk 00:01:14]}
{[%emt 00:00:08]} e3 {[%clk 00:01:19]} {[%emt 00:00:06]} 29. Rd7 {[%clk
00:01:05]} {[%emt 00:00:11]} h6 {[%clk 00:00:58]} {[%emt 00:00:24]} 30. Ne7+
{[%clk 00:00:42]} {[%emt 00:00:24]} Bxe7 {[%clk 00:00:52]} {[%emt 00:00:09]} 31.
Rxe7 {[%clk 00:00:43]} Rxb2 {[%clk 00:00:50]} {[%emt 00:00:04]} 32. Rxe3 {[%clk
00:00:43]} {[%emt 00:00:02]} a5 {[%clk 00:00:46]} {[%emt 00:00:06]} 33. Re4
{[%clk 00:00:32]} {[%emt 00:00:11]} Rc2 {[%clk 00:00:31]} {[%emt 00:00:19]} 34.
Bxc4 {[%clk 00:00:23]} {[%emt 00:00:11]} Rxc3 {[%clk 00:00:31]} {[%emt
00:00:01]} 35. Bxf7+ {[%clk 00:00:21]} {[%emt 00:00:04]} Kxf7 {[%clk 00:00:33]}
36. Ra4 {[%clk 00:00:21]} {[%emt 00:00:03]} Rc5 {[%clk 00:00:32]} {[%emt
00:00:03]} 37. Kg3 {[%clk 00:00:21]} Ke6 {[%clk 00:00:32]} {[%emt 00:00:02]} 38.
Kh4 {[%clk 00:00:17]} {[%emt 00:00:06]} g6 {[%clk 00:00:31]} {[%emt 00:00:03]}
39. g4 {[%clk 00:00:13]} {[%emt 00:00:05]} Kd6 {[%clk 00:00:31]} {[%emt
00:00:03]} 40. Ra3 {[%clk 00:00:09]} {[%emt 00:00:06]} Kc6 {[%clk 00:00:32]}
{[%emt 00:00:01]} 41. Kg3 {[%clk 00:00:09]} {[%emt 00:00:03]} Kb5 {[%emt
00:00:22]} 0-1

[Event "Turniej Blitza na II Lidze Juniorów 2018"]
[Site "Szczyrk, Poland"]
[Date "????.??.??"]
[Round "8.22"]
[White "Trybus, Daniel"]
[Black "Gozdzicki, Maciej"]
[Result "1-0"]
[TimeControl "3'+2\""]
[WhiteElo "1837"]
[BlackElo "1422"]

1. d4 {[%emt 00:01:42]} d5 {[%emt 00:00:02]} 2. c4 e6 3. Nf3 {[%emt 00:00:02]}
Nf6 {[%emt 00:00:01]} 4. Nc3 {[%emt 00:00:02]} Be7 {[%emt 00:00:01]} 5. e3
{[%emt 00:00:02]} O-O {[%emt 00:00:02]} 6. g4 {[%emt 00:00:01]} Nxg4 {[%emt
00:00:07]} 7. Rg1 Nf6 8. Ne5 {[%emt 00:00:02]} Nbd7 {[%emt 00:00:05]} 9. f4
{[%emt 00:00:01]} Nxe5 {[%emt 00:00:02]} 10. fxe5 {[%emt 00:00:02]} Ne4 {[%emt
00:00:12]} 11. Nxe4 {[%emt 00:00:01]} dxe4 {[%emt 00:00:01]} 12. Qg4 {[%emt
00:00:01]} g6 13. Qxe4 {[%emt 00:00:02]} c6 {[%emt 00:00:03]} 14. Bd3 {[%emt
00:00:10]} Bh4+ {[%emt 00:00:02]} 15. Ke2 {[%emt 00:00:01]} Be7 {[%emt
00:00:09]} 16. Qg4 {[%emt 00:00:03]} Kg7 {[%emt 00:00:05]} 17. e4 {[%emt
00:00:03]} f5 {[%emt 00:00:29]} 18. exf6+ {[%emt 00:00:04]} Bxf6 19. e5 {[%emt
00:00:01]} Bh4 {[%emt 00:00:20]} 20. Bxg6 {[%emt 00:00:14]} Rf2+ {[%emt
00:00:01]} 21. Kd3 {[%emt 00:00:05]} hxg6 {[%emt 00:00:32]} 22. Qxg6+ {[%emt
00:00:01]} Kf8 23. Qg8+ {[%emt 00:00:02]} Ke7 {[%emt 00:00:02]} 24. Rg7+ {[%emt
00:00:01]} 1-0